Normal view MARC view
  • Acevedo Ibáñez, Alejandro

Entry Nombre Personal

Number of records used in: 1

001 - NUMERO DE CONTROL

  • campo de control: 47459

003 - IDENTIFICADOR DE NUMERO DE CONTROL

  • campo de control: DLC

005 - FECHA Y HORA DE LA ÜLTIMA TRANSACCIÓN

  • campo de control: 20230516150444.0

008 - DATOS DE LONGITUD FIJA

  • campo de control de longitud fija: 230516n| azannaabn |a aaa c

010 ## - NÚMERO DE CONTROL DE LA BIBLIOTECA DEL CONGRESO

  • Número de control LC: no2009009822

035 ## - NUMERO DE CONTROL

  • Número de control: (OCoLC)oca07993096

035 ## - NUMERO DE CONTROL

  • Número de control: (CaEvSKY)skya8711983

040 ## - FUENTE DE CATALOGACIÓN

  • Agencia original de catalogación: MX-SlUA
  • Lenguaje de catalogación: spa
  • Description conventions: rda
  • Agencia de transcripción: MX-SlUA
  • Agencia que lo modifica: MX-MrUMS
  • Agencia que lo modifica: MX-MxUPN

100 1# - ENCABEZAMIENTO - NOMBRE PERSONAL

  • Nombre personal: Acevedo Ibáñez, Alejandro

372 ## - CAMPO DE ACTIVIDAD

  • Field of activity: Firma consultora
  • Fuente del término: lcsh

373 ## - GRUPO ASOCIADO

  • Associated group: Acevedo y Asociados, Consultores de Desarrollo Integral SA de CV

374 ## - OCUPACIÓN

  • Occupation: Ejecutivo
  • Fuente del término: lcsh

375 ## - GÉNERO

  • Gender: masculino

377 ## - LENGUA ASOCIADA

  • Language code: spa

400 1# - VEÁSE - NOMBRE DE PERSONA

  • Personal name: Ibáñez, Alejandro Acevedo

400 1# - VEÁSE - NOMBRE DE PERSONA

  • Personal name: Acevedo, Alejandro

670 ## - FUENTE EN LA QUE SE LOCALIZARON DATOS

  • Cita de la fuente: El proceso de la entrevista: concepto y modelos, 1998:
  • Información localizada: portada (Alejandro Acevedo Ibáñez)

670 ## - FUENTE EN LA QUE SE LOCALIZARON DATOS

  • Cita de la fuente: Aprender Jugando 3: dinámicas vivenciales para capacitación, docencia y consultoría, 2011:
  • Información localizada: portada (Alejandro Acevedo Ibáñez) página 2 de la cubierta (Director general de su propia firma consultora, Acevedo y Asociados, Consultores de Desarrollo Integral, SA de CV. Además ha impartido cursos y programas de capacitación y adiestramiento en diversas dependencia) cubierta (Alejandro Acevedo)

902 ## - CATALOGADOR

  • Catalogador: NDAF/160523